[Event "SVK-ch U20 rapid"]
[Site "Senec"]
[Date "2023.05.07"]
[Round "6"]
[White "Remiar, Adrian"]
[Black "Duracka, Ondrej"]
[Result "1-0"]
[WhiteElo "1638"]
[BlackElo "1000"]
[PlyCount "41"]
[EventDate "2023.05.07"]
[EventType "rapid"]
[EventRounds "7"]
[EventCountry "SVK"]
[SourceTitle "EXT 2024"]
[Source "ChessBase"]
[SourceDate "2023.10.10"]
[SourceVersion "1"]
[SourceVersionDate "2023.10.10"]
[SourceQuality "1"]

1. e4 e5 2. Nf3 Nc6 3. Bc4 Bc5 4. d4 exd4 5. Ng5 Ne5 6. Nxf7 Nxf7 7. Bxf7+ Kxf7 8. Qh5+ g6 9. Qxc5 d6 10. Qxd4 Ne7 11. Bg5 c5 12. Qf6+ Ke8 13. Qxh8+ Kd7 14. Qxd8+ Kxd8 15. Nc3 Ke8 16. Bxe7 Kxe7 17. Nd5+ Kd7 18. 0-0 h5 19. Rfe1 Kc6 20. c4 b6 21. Ne7+ 1-0

[Event "SVK-ch U20 rapid"]
[Site "Senec"]
[Date "2023.05.07"]
[Round "3"]
[White "Remiar, Adrian"]
[Black "Zdrazil, Patrik"]
[Result "0-1"]
[WhiteElo "1638"]
[BlackElo "1921"]
[PlyCount "106"]
[EventDate "2023.05.07"]
[EventType "rapid"]
[EventRounds "7"]
[EventCountry "SVK"]
[SourceTitle "EXT 2024"]
[Source "ChessBase"]
[SourceDate "2023.10.10"]
[SourceVersion "1"]
[SourceVersionDate "2023.10.10"]
[SourceQuality "1"]

1. e4 c5 2. Nf3 d6 3. Bb5+ Nd7 4. 0-0 a6 5. Bxd7+ Bxd7 6. h3 Nf6 7. Re1 e6 8. c3 Be7 9. d4 0-0 10. Nbd2 cxd4 11. cxd4 Rc8 12. Nf1 d5 13. e5 Ne4 14. N1d2 Nxd2 15. Bxd2 b5 16. Rc1 b4 17. Rxc8 Qxc8 18. Qc1 Qb7 19. b3 Qb5 20. Qb1 h6 21. Rc1 Qb7 22. Ne1 Qb6 23. Be3 Bb5 24. Nd3 a5 25. Qc2 Bxd3 26. Qxd3 Rb8 27. Qc2 Qb7 28. Qc7 Kh7 29. f4 Bd8 30. Qxb7 Rxb7 31. Kf2 Kg6 32. g4 h5 33. Kg3 Bb6 34. g5 Rc7 35. Rxc7 Bxc7 36. h4 Kf5 37. Kf3 f6 38. Bf2 Bb6 39. Be3 Bc7 40. Bf2 Bd8 41. Be3 Be7 42. Bf2 fxg5 43. fxg5 Bxg5 44. hxg5 Kxg5 45. Kg3 Kf5 46. Kf3 g5 47. Be3 h4 48. Bf2 g4+ 49. Ke3 g3 50. Bg1 Kg4 51. Ke2 h3 52. Kf1 Kf3 53. Ke1 h2 0-1

[Event "SVK-ch U20"]
[Site "Dudince"]
[Date "2023.04.16"]
[Round "1"]
[White "Remiar, Adrian"]
[Black "Melih, Mario"]
[Result "0-1"]
[WhiteElo "1000"]
[BlackElo "1837"]
[PlyCount "84"]
[EventDate "2023.04.16"]
[EventType "tourn"]
[EventRounds "9"]
[EventCountry "SVK"]
[SourceTitle "CBM 213 Extra"]
[Source "ChessBase"]
[SourceDate "2023.05.31"]
[SourceVersion "1"]
[SourceVersionDate "2023.05.31"]
[SourceQuality "1"]

1. d3 d5 2. e4 dxe4 3. dxe4 Qxd1+ 4. Kxd1 e5 5. Be3 Nf6 6. f3 Be6 7. Nd2 a6 8. Bc4 Bxc4 9. Nxc4 Nc6 10. c3 0-0-0+ 11. Kc2 b5 12. Nd2 Nd7 13. b4 Bd6 14. Nh3 f6 15. a4 Kb7 16. axb5 axb5 17. Nf2 Nf8 18. Nb3 Ne6 19. Na5+ Nxa5 20. Rxa5 c6 21. Ra7+ Kc8 22. Rha1 Bb8 23. R7a6 Kb7 24. Rb6+ Kc7 25. Raa6 Rd6 26. Bc5 Rhd8 27. Bxd6+ Rxd6 28. Nd3 Ba7 29. Rxa7+ Kxb6 30. Re7 h5 31. Nc5 Nxc5 32. bxc5+ Kxc5 33. Rxg7 Kc4 34. Rc7 h4 35. g3 hxg3 36. hxg3 c5 37. Rc8 Ra6 38. Kb2 Ra7 39. f4 exf4 40. gxf4 Re7 41. e5 fxe5 42. fxe5 Rxe5 0-1